000 00678nam a2200229 a 4500
001 BRCA_7169
005 20190320205733.0
008 130112s1938----nyua######---#000-0#eng-#
041 _aeng
044 _anyu
050 4 _aG463
_b.F34 1938
100 1 _aFahnestock, Bruce
_d1911-1942
_917776
245 1 0 _aStars to windward
_cBruce and Sheridan Fahnestock.
260 _aNueva York
_bHarcourt, Brace
_cc1938
300 _axii, 295 p.
_bil.
_c22 cm.
500 _aDedicatoria de uno de los autores al seƱor Franz Mayer
500 _aP52
650 1 4 _aViajes y travesias
_94701
700 1 _aFahnestock, Sheridan
_f1912-1965
_ecoaut.
_917777
902 _aGFM
942 _2lcc
_cB
999 _c6850
_d6850